| 000 | 00559nam a2200217 a 4500 | ||
|---|---|---|---|
| 001 | 0001-1956 | ||
| 003 | ELIB.Books | ||
| 008 | 190121 2010 eng | ||
| 020 | _a13: 9789814222693 | ||
| 092 |
_a253 Tei _bTei |
||
| 100 | _aTeik, Lee Bee. | ||
| 245 | _aA Handbook for the Pastor's Wife | ||
| 260 |
_aSingapore _bGenesis _c2008 |
||
| 300 |
_a212 _c20.5 cm |
||
| 650 | _aPastor Theology | ||
| 856 |
_nKBTS Library _uKBTS Elib |
||
| 942 |
_2ddc _cBK |
||
| 990 | _a2 | ||
| 998 |
_aEnglishbooks.elf _ccat _e2019-01-21 |
||
| 999 |
_c11956 _d11956 |
||